00351nam a22001217a 4500003000400000005001700004008004100021020001500062040000800077100002500085245005500110260006400165OSt20200630113551.0200630b xxu||||| |||| 00| 0 eng d a0943088283 cN/A aJack C Schultz et al aPlant signals in interactions with other organisms aMaryland,USAbAmerican society of plant physiologistsc1947